Concentric Countries Around France - Statistics

General Stats
  • This quiz has been taken 65,170 times
  • The average score is 10 of 11
Answers on the Map
Answers color-coded by a green-red scale on the quiz's map according to % correct below.
 
Answer Stats
# Borders Away Answer % Correct
1 Andorra | Belgium | Brazil | Germany | Italy | Luxembourg | Monaco | Spain | Suriname | Switzerland
100%
2 Argentina | Austria | Bolivia | Colombia | Czechia | Denmark | Guyana | Liechtenstein | Morocco | Netherlands | Paraguay | Peru | Poland | Portugal | San Marino | Slovenia | Uruguay | Vatican City | Venezuela
98%
3 Algeria | Belarus | Chile | Croatia | Ecuador | Hungary | Lithuania | Mauritania | Panama | Russia | Slovakia | Ukraine |
95%
4 Azerbaijan | Bosnia and Herzegovina | China | Costa Rica | Estonia | Finland | Georgia | Kazakhstan | Latvia | Libya | Mali | Moldova | Mongolia | Montenegro | Niger | North Korea | Norway | Romania | Senegal | Serbia | Tunisia
94%
5 Afghanistan | Albania | Armenia | Benin | Bhutan | Bulgaria | Burkina Faso | Chad | Egypt | Gambia | Guinea | Guinea-Bissau | India | Iran | Ivory Coast | Kosovo | Kyrgyzstan | Laos | Myanmar | Nepal | Nicaragua | Nigeria | North Macedonia | Pakistan | South Korea | Sudan | Sweden | Tajikistan | Turkey | Turkmenistan | Uzbekistan | Vietnam
92%
6 Bangladesh | Cambodia | Cameroon | Central African Republic | Eritrea | Ethiopia | Ghana | Greece | Honduras | Iraq | Israel | Liberia | Sierra Leone | South Sudan | Syria | Thailand | Togo
88%
7 D.R. Congo | Djibouti | El Salvador | Equatorial Guinea | Gabon | Guatemala | Jordan | Kenya | Kuwait | Lebanon | Malaysia | Rep. of the Congo | Saudi Arabia | Somalia | Uganda
85%
8 Angola | Belize | Brunei | Burundi | Indonesia | Mexico | Oman | Qatar | Rwanda | Tanzania | United Arab Emirates | Yemen | Zambia
82%
9 Botswana | East Timor | Malawi | Mozambique | Namibia | Papua New Guinea | United States | Zimbabwe
79%
10 Canada | Eswatini | South Africa
77%
11 Lesotho
65%
No matching quizzes found
Score Distribution
Percent of People with Each Score
Percentile by Number Answered
Your Score History
You have not taken this quiz